| 000 | 02006nam a2200493Ii 4500 | ||
|---|---|---|---|
| 001 | DIGFCE0311 | ||
| 003 | NyNyDIG | ||
| 006 | m o d | ||
| 008 | 170620t20142013mx ob 000 0 spa d | ||
| 007 | cr ||||||||||| | ||
| 035 | _a(OCoLC)992776560 | ||
| 040 |
_aDGITA _beng _erda _epn _cDGITA |
||
| 020 |
_a9786071618535 _q(eBook ; _qePub) |
||
| 020 |
_a6071618533 _q(eBook ; _qePub) |
||
| 020 | _z9786071614971 | ||
| 020 | _z607161497X | ||
| 043 | _an-mx--- | ||
| 050 | 1 | 4 | _aKGF2919 ebook |
| 082 | 0 | 4 | _a342.72029 |
| 100 | 1 |
_aCosío Villegas, Daniel, _d1898-1976, _eauthor. |
|
| 245 | 1 | 3 |
_aLa constitución de 1857 y sus críticos / _cDaniel Cosío Villegas ; texto introductorio de Luis González y González ; prólogo de Andrés Lira. |
| 250 | _aPrimera edición electrónica. | ||
| 264 | 1 |
_aMéxico, D.F. : _bFondo de Cultura Económica, _c2014. |
|
| 264 | 4 | _c©2013 | |
| 300 | _a1 online resource. | ||
| 336 |
_atext _btxt _2rdacontent |
||
| 337 |
_acomputer _bc _2rdamedia |
||
| 338 |
_aonline resource _bcr _2rdacarrier |
||
| 490 | 1 | _aSección de obras de historia | |
| 504 | _aIncludes bibliographical references. | ||
| 588 | 0 | _aOnline resource; title from ePub title page (Digitalia, viewed June 21, 2017) | |
| 610 | 1 | 0 |
_aMexico. _tConstitución (1857) |
| 650 | 0 |
_aConstitutional history _zMexico. |
|
| 655 | 0 | _aElectronic books. | |
| 700 | 1 |
_aGonzález y González, Luis, _econtributor agent of text. |
|
| 700 | 1 |
_aLira González, Andrés, _econtributor agent of text. |
|
| 791 | 2 |
_aDigitalia (Firm), _edistributor. |
|
| 793 | 0 |
_gDigitalia eBook Collection: _aFondo de Cultura Económica |
|
| 776 | 0 | 8 |
_iPrint version: _aCosío Villegas, Daniel, 1898-1976. _tConstitución de 1857 y sus críticos. _bTercera edición. _dMéxico, D.F. : Fondo de Cultura Económica, 2013 _z9786071614971 |
| 830 | 0 | _aSección de obras de historia. | |
| 856 | 4 | 0 |
_3Digitalia Hispánica _uhttps://www.digitaliapublishing.com/a/43501/ |
| 910 | _aPremium collection: 2017 | ||
| 942 | _cRAA | ||
| 999 |
_c247931 _d247931 |
||